000 00434nam a2200181Ia 4500
005 20250603144616.0
008 250603s9999 xx 000 0 und d
020 _a9780073403045
050 _aHF 5387 .G49/
100 _aAndrew, Ghillyer
245 0 _aBusiness ethics : a real world approach
260 _aBoston
260 _b McGraw-Hill/Irwin
260 _c2008
300 _a287 p
650 _aBoston
942 _cBK
999 _c39427
_d39427